[Event "44th Rilton Cup 2014-15"]
[Site "Stockholm SWE"]
[Date "2014.12.29"]
[Round "3.3"]
[White "Tari, Aryan"]
[Black "Krasenkow, Michal"]
[Result "1/2-1/2"]
[WhiteTitle "IM"]
[BlackTitle "GM"]
[WhiteElo "2485"]
[BlackElo "2614"]
[WhiteFideId "1510045"]
[BlackFideId "1113100"]
[EventDate "2014.12.27"]

1. d4 Nf6 2. c4 g6 3. Nc3 d5 4. Nf3 Bg7 5. cxd5 Nxd5 6. Na4 Nf6 7. Bf4 O-O 8. e3
Bg4 9. Be2 c6 10. O-O Nbd7 11. h3 Be6 12. Ng5 Bd5 13. Nc3 h6 14. Nf3 Rc8 15. Bh2
Qb6 16. Qd3 Bxf3 17. Bxf3 Rfe8 18. Na4 Qb4 19. Qc2 e5 20. Rfd1 Nd5 21. dxe5 Nxe5
22. Bxd5 cxd5 23. Qb3 Qxb3 24. axb3 Red8 25. Nc3 Nc6 26. Nxd5 Bxb2 27. Rab1 Bg7
28. Kf1 f5 29. Rd3 Kf7 30. Rbd1 Ne7 31. Nc7 Rxd3 32. Rxd3 Nc6 33. Rd7+ Kg8 34.
Ne6 Be5 35. Bxe5 Nxe5 36. Rxb7 Rc1+ 37. Ke2 Rc2+ 38. Ke1 Nd3+ 39. Kd1 Rxf2 40.
Rg7+ Kh8 41. Rxg6 Nb2+ 42. Kc1 Nd3+ 43. Kb1 Rb2+ 44. Ka1 Rxb3 45. Rxh6+ Kg8 46.
Rf6 Ne5 47. Rxf5 Rxe3 48. Nf4 a5 49. Rg5+ Kh7 50. Ka2 Nd3 51. Nd5 Nb4+ 52. Nxb4
axb4 53. h4 Kh6 54. Rg8 Kh5 55. g3 b3+ 56. Kb2 Rd3 57. Rg5+ Kh6 58. g4 Rh3 59.
Rh5+ Kg6 60. Ka3 Rg3 61. Rg5+ Kh6 62. Rg8 Kh7 63. Rg5 Kh6 64. Rh5+ Kg6 65. Kb2
Rxg4 66. Rg5+ Rxg5 67. hxg5 Kxg5 68. Kxb3 1/2-1/2

[Event "44th Rilton Cup 2014-15"]
[Site "Stockholm SWE"]
[Date "2014.12.29"]
[Round "3.4"]
[White "Turov, Maxim"]
[Black "Semcesen, Daniel"]
[Result "1-0"]
[WhiteTitle "GM"]
[BlackTitle "GM"]
[WhiteElo "2591"]
[BlackElo "2471"]
[WhiteFideId "4120086"]
[BlackFideId "1706993"]
[EventDate "2014.12.27"]

1. d4 d5 2. c4 dxc4 3. e4 Nf6 4. e5 Nd5 5. Bxc4 Nb6 6. Bd3 Nc6 7. Ne2 Bg4 8. f3
Be6 9. Nbc3 Qd7 10. Ne4 Bd5 11. a3 e6 12. Qc2 O-O-O 13. Be3 Kb8 14. O-O Be7 15.
b4 f5 16. exf6 gxf6 17. b5 Na5 18. Nd2 Nc8 19. Nf4 Nd6 20. Nxd5 exd5 21. a4 f5
22. Qc3 b6 23. Nb3 Nac4 24. Bf4 Rhg8 25. Rfe1 Bf6 26. Be5 Bg5 27. f4 Bh4 28. Re2
Ne4 29. Qc2 Qf7 30. a5 Rg6 31. axb6 axb6 32. Bxe4 fxe4 33. f5 Qxf5 34. Qa2 Kc8
35. Qa8+ Kd7 36. Qxd5+ Nd6 37. Qc6+ Ke7 38. Bxd6+ Rgxd6 39. Qxe4+ 1-0

[Event "44th Rilton Cup 2014-15"]
[Site "Stockholm SWE"]
[Date "2014.12.29"]
[Round "3.5"]
[White "Sarandos, Vasilios"]
[Black "Grandelius, Nils"]
[Result "0-1"]
[BlackTitle "GM"]
[WhiteElo "2245"]
[BlackElo "2581"]
[WhiteFideId "4203542"]
[BlackFideId "1710400"]
[EventDate "2014.12.27"]

1. e4 c5 2. Nc3 e6 3. g3 d5 4. exd5 exd5 5. Bg2 Nf6 6. d3 Be7 7. Nge2 d4 8. Ne4
Nxe4 9. Bxe4 Nd7 10. O-O O-O 11. Bg2 Re8 12. Nf4 Bd6 13. Nd5 Ne5 14. h3 Bd7 15.
f4 Nc6 16. Bd2 Be6 17. Qf3 Qd7 18. f5 Bxd5 19. Qxd5 Qc7 20. Bf4 Bxf4 21. Rxf4
Re5 22. Qf3 Rae8 23. f6 g6 24. Rf1 Nb4 25. Rf2 Nd5 26. Re4 Rxe4 27. dxe4 Ne3 28.
c3 Re6 29. Qf4 Qxf4 30. Rxf4 d3 31. Rf2 Rd6 32. Rd2 Nc4 33. e5 Rd8 34. Rd1 Nxb2
35. Rf1 d2 36. e6 fxe6 0-1

[Event "44th Rilton Cup 2014-15"]
[Site "Stockholm SWE"]
[Date "2014.12.29"]
[Round "3.6"]
[White "Jere, Daniel"]
[Black "Smirin, Ilia"]
[Result "1-0"]
[WhiteTitle "IM"]
[BlackTitle "GM"]
[WhiteElo "2370"]
[BlackElo "2644"]
[WhiteFideId "8700249"]
[BlackFideId "2801990"]
[EventDate "2014.12.27"]

1. c4 g6 2. g3 Bg7 3. Bg2 e5 4. Nc3 Nc6 5. e4 h5 6. h4 d6 7. d3 Nd4 8. Nce2 c5
9. Nxd4 cxd4 10. Bd2 Ne7 11. f4 exf4 12. gxf4 Bg4 13. Nf3 O-O 14. Bh3 Qd7 15.
Bxg4 hxg4 16. Nh2 f5 17. Nf1 b5 18. cxb5 Qxb5 19. Qb3+ Qxb3 20. axb3 d5 21. e5
Rfb8 22. b4 Nc6 23. h5 g5 24. h6 Bh8 25. h7+ Kg7 26. Ng3 gxf4 27. Bxf4 Nxb4 28.
O-O-O Rf8 29. Rh5 Kf7 30. Nxf5 Nc6 31. Bh6 Rfd8 32. Rf1 Nxe5 33. Ng7+ Nf3 34.
Rg5 Rac8+ 35. Kd1 Rc6 36. Rxg4 Rf6 37. Rg3 Rxh6 38. Rfxf3+ Rf6 39. Nf5 Rf8 40.
Rg8 a5 41. Nh6+ Ke7 42. Rxf6 Bxf6 43. Nf5+ Kf7 44. Ke2 a4 45. Kf3 Be5 46. Ke2
Bf6 47. Kd1 Be5 48. Kc2 1-0

[Event "44th Rilton Cup 2014-15"]
[Site "Stockholm SWE"]
[Date "2014.12.29"]
[Round "3.7"]
[White "Roiz, Michael"]
[Black "Percivaldi, Martin"]
[Result "1-0"]
[WhiteTitle "GM"]
[BlackTitle "FM"]
[WhiteElo "2592"]
[BlackElo "2319"]
[WhiteFideId "2804158"]
[BlackFideId "1508148"]
[EventDate "2014.12.27"]

1. c4 e5 2. Nc3 Nf6 3. Nf3 Nc6 4. e3 Bb4 5. Qc2 O-O 6. Nd5 Re8 7. a3 Bf8 8. d3
a5 9. Be2 d6 10. Nc3 d5 11. cxd5 Nxd5 12. O-O Be6 13. Bd2 f6 14. Rac1 Qd7 15.
Nxd5 Bxd5 16. Bc3 Qf7 17. Nd2 Red8 18. Bf3 Bxf3 19. Nxf3 Rd7 20. Rfd1 Rad8 21.
h3 b6 22. Be1 Ne7 23. d4 exd4 24. Rxd4 Rxd4 25. Nxd4 c5 26. Nf3 Nc6 27. Qa4 Qe6
28. Qb5 Ne7 29. Nd2 Nc8 30. a4 Bd6 31. Nc4 Bc7 32. Qb3 Kf7 33. Qc2 Kg8 34. b3
Ne7 35. Rd1 Rxd1 36. Qxd1 Nc6 37. Bc3 Ne7 38. Kf1 h6 39. Qd3 Qc6 40. e4 Qe6 41.
Qe2 Qd7 42. Ke1 Kh7 43. Qd1 Qc6 44. Qe2 Qd7 45. h4 Ng6 46. g3 b5 47. axb5 Qxb5
48. Nxa5 Qb8 49. Qc2 Bxa5 50. Bxa5 Ne5 51. Bc3 Qd6 52. Qd1 Qa6 53. Bxe5 fxe5 54.
Qd5 Qa1+ 55. Ke2 Qc3 56. h5 Kh8 57. Qc4 Qb2+ 58. Kf3 Qb1 59. Kg2 Qe1 60. Qd5 Qc3
61. Qf7 Qd4 62. Qc4 Qd6 63. Qd5 Qe7 64. Kf1 Qc7 65. Ke2 Qb8 66. Qxc5 Qxb3 67.
Qc8+ Kh7 68. Qf5+ Kh8 69. Qxe5 Qc2+ 70. Kf3 Qd2 71. Qe8+ Kh7 72. Qg6+ Kh8 73.
Qf5 Qc2 74. Kg2 Qd3 75. Qd5 Qe2 76. Qe5 Qd1 77. Qf5 Qc2 78. Kh2 Qd3 79. g4 Qd8
80. e5 Qb8 81. Qe4 Qb6 82. Kg2 Qe6 83. Kh2 Kg8 84. Qf5 Qc6 85. e6 Qd6+ 86. Kg2
Qc6+ 87. Kh2 Qd6+ 88. Kh3 Qa3+ 89. Kg2 Qe7 90. Qd5 Kh7 91. Qd3+ Kh8 92. Qd7 Qb4
93. e7 Qe4+ 94. Kg3 Qe5+ 95. Kh3 Qc3+ 96. Kg2 Kh7 97. Qf5+ 1-0

[Event "44th Rilton Cup 2014-15"]
[Site "Stockholm SWE"]
[Date "2014.12.29"]
[Round "3.8"]
[White "Westerberg, Jonathan"]
[Black "Shimanov, Aleksandr"]
[Result "1/2-1/2"]
[WhiteTitle "IM"]
[BlackTitle "GM"]
[WhiteElo "2411"]
[BlackElo "2591"]
[WhiteFideId "1701754"]
[BlackFideId "4198603"]
[EventDate "2014.12.27"]

1. e4 d6 2. d4 Nf6 3. Nc3 e5 4. dxe5 dxe5 5. Qxd8+ Kxd8 6. Bg5 Be6 7. g3 h6 8.
Bxf6+ gxf6 9. O-O-O+ Kc8 10. f4 h5 11. f5 Bd7 12. Bc4 Be8 13. Nge2 Nd7 14. Kb1
c6 15. Nc1 b5 16. Bb3 a5 17. a3 Nc5 18. Nd3 Nxb3 19. cxb3 Kb7 20. b4 axb4 21.
axb4 Kb6 22. Kc2 Be7 23. Ra1 Bd7 24. Rxa8 Rxa8 25. h3 Rh8 26. Rg1 Bc8 27. g4
hxg4 28. Rxg4 Rxh3 29. Rg7 Kc7 30. Rxf7 Kd8 31. Rg7 Bd7 32. Nc5 Bxc5 33. bxc5 b4
34. Na4 Be8 35. Nb6 Bh5 36. Nd7 Be2 37. Nxf6 Bc4 38. Rd7+ Kc8 39. Rd6 Rh2+ 40.
Kc1 b3 41. Rxc6+ Kb7 42. Rd6 Rc2+ 43. Kb1 Re2 44. Kc1 1/2-1/2

[Event "44th Rilton Cup 2014-15"]
[Site "Stockholm SWE"]
[Date "2014.12.29"]
[Round "3.9"]
[White "Mikhalevski, Victor"]
[Black "Hedman, Erik"]
[Result "1/2-1/2"]
[WhiteTitle "GM"]
[BlackTitle "FM"]
[WhiteElo "2571"]
[BlackElo "2375"]
[WhiteFideId "2801914"]
[BlackFideId "1702351"]
[EventDate "2014.12.27"]

1. d4 Nf6 2. Nf3 c5 3. e3 g6 4. dxc5 Qa5+ 5. Nbd2 Bg7 6. a3 Qxc5 7. b4 Qc7 8.
Bb2 O-O 9. c4 d6 10. Be2 b6 11. O-O Bb7 12. Rc1 Nbd7 13. Qb3 Rac8 14. Rfd1 Qb8
15. h3 Rc7 16. Qa2 Rfc8 17. Qa1 Qa8 18. Bf1 d5 19. Ne5 Nxe5 20. Bxe5 Ne8 21.
Bxg7 Nxg7 22. cxd5 Rxc1 23. Rxc1 Bxd5 24. Rxc8+ Qxc8 25. Qe5 Qd8 26. Ne4 Bxe4
27. Qxe4 a5 28. g4 h5 29. Kg2 axb4 30. axb4 hxg4 31. hxg4 Ne8 32. Be2 Kg7 33.
Qe5+ Kg8 34. Qb5 Nf6 35. Bf3 Qd6 36. g5 Nh7 37. Kf1 e5 38. Bg4 Nxg5 39. f4 Ne4
40. Qe8+ Kg7 41. Qxe5+ Qxe5 42. fxe5 Nd2+ 43. Ke2 Nc4 44. e6 f5 45. Bf3 Kf6 46.
Bd5 Nd6 47. Kd3 Ke5 48. Bb3 Nc8 49. Kc4 Kxe6 50. Kd4+ Kd6 51. e4 fxe4 52. Kxe4
Ne7 53. Kf4 Nc6 54. Kg5 Nxb4 55. Ba4 Nc6 56. Kxg6 Nd4 57. Kg5 Kc5 58. Kf4 Nb5
59. Ke3 Kb4 60. Bd1 Nc3 61. Bh5 1/2-1/2

[Event "44th Rilton Cup 2014-15"]
[Site "Stockholm SWE"]
[Date "2014.12.29"]
[Round "3.10"]
[White "Gajic, Mladen"]
[Black "Hillarp Persson, Tiger"]
[Result "0-1"]
[BlackTitle "GM"]
[WhiteElo "2210"]
[BlackElo "2544"]
[WhiteFideId "1709178"]
[BlackFideId "1700812"]
[EventDate "2014.12.27"]

1. d4 Nf6 2. Bg5 d5 3. e3 c5 4. Bxf6 gxf6 5. Nc3 e6 6. Qh5 cxd4 7. exd4 Nc6 8.
Nge2 f5 9. O-O-O Qf6 10. Kb1 Bd7 11. g3 Bg7 12. Bg2 O-O 13. h4 Rfc8 14. Qg5 Rab8
15. Rd3 b5 16. Nd1 b4 17. Ne3 h6 18. Qxf6 Bxf6 19. f4 Ne7 20. Bf3 Bb5 21. Rd2
Bg7 22. Bh5 Kf8 23. Ng1 Ng8 24. Bf3 Nf6 25. Ne2 Ne4 26. Bxe4 fxe4 27. Ng1 h5 28.
Nh3 Ke7 29. Rhh2 a5 30. Nf2 Bh6 31. Rg2 a4 32. Nfd1 Ba6 33. b3 axb3 34. axb3 Rc7
35. Kb2 Rbc8 36. Rdf2 Bg7 37. Rd2 Bd3 0-1

[Event "44th Rilton Cup 2014-15"]
[Site "Stockholm SWE"]
[Date "2014.12.29"]
[Round "3.11"]
[White "Bekker-Jensen, Simon"]
[Black "Engstrom, Kaj"]
[Result "1/2-1/2"]
[WhiteTitle "IM"]
[WhiteElo "2459"]
[BlackElo "2261"]
[WhiteFideId "1403613"]
[BlackFideId "1701134"]
[EventDate "2014.12.27"]

1. d4 d5 2. c4 e6 3. Nc3 Nf6 4. cxd5 exd5 5. Bg5 c6 6. Qc2 Na6 7. e3 Nc7 8. Bd3
Ne6 9. Bh4 Bd6 10. Nf3 h6 11. O-O Ng5 12. Ne5 Nd7 13. Kh1 Bxe5 14. dxe5 Nxe5 15.
f4 Nxd3 16. Qxd3 Qd6 17. e4 Ne6 18. exd5 O-O 19. f5 Nc5 20. Qd4 Nd7 21. Rad1 f6
22. Bg3 Ne5 23. Bxe5 fxe5 24. Qc4 Kh8 25. Ne4 cxd5 26. Rxd5 Qe7 27. Nd6 Bd7 28.
Qc7 e4 29. Re1 e3 30. Qc5 Bc6 31. Rd3 Qg5 32. Qc2 Rad8 33. Qe2 Rxf5 34. Red1
Rxd6 35. Rxd6 1/2-1/2

[Event "44th Rilton Cup 2014-15"]
[Site "Stockholm SWE"]
[Date "2014.12.29"]
[Round "3.12"]
[White "Furhoff, Johan"]
[Black "Sjodahl, Pontus"]
[Result "1/2-1/2"]
[WhiteTitle "IM"]
[BlackTitle "IM"]
[WhiteElo "2321"]
[BlackElo "2421"]
[WhiteFideId "1701797"]
[BlackFideId "1700537"]
[EventDate "2014.12.27"]

1. e4 e6 2. d4 d5 3. Nd2 c5 4. Ngf3 Nf6 5. exd5 exd5 6. Bb5+ Bd7 7. Bxd7+ Nbxd7
8. O-O Be7 9. dxc5 Nxc5 10. Nb3 Nce4 11. Nfd4 Qd7 12. f3 Nd6 13. Nc5 Qc8 14. Nd3
O-O 15. Re1 Bd8 16. Bg5 h6 17. Bh4 Nf5 18. Nxf5 Qxf5 19. Re5 Qd7 20. c3 Re8 21.
Qb3 Bb6+ 22. Kh1 Rxe5 23. Nxe5 Qf5 24. Re1 Re8 25. g4 Qf4 26. Bg3 Qd2 27. Rd1
Qe2 28. Re1 Qd2 29. Rd1 Qe2 30. Re1 1/2-1/2

[Event "44th Rilton Cup 2014-15"]
[Site "Stockholm SWE"]
[Date "2014.12.29"]
[Round "3.13"]
[White "Turova, Irina"]
[Black "Nielsen, Hogni Egilstoft"]
[Result "1-0"]
[WhiteTitle "IM"]
[WhiteElo "2421"]
[BlackElo "2226"]
[WhiteFideId "4120876"]
[BlackFideId "7200404"]
[EventDate "2014.12.27"]

1. d4 Nf6 2. c4 g6 3. Nc3 Bg7 4. e4 d6 5. f4 O-O 6. Nf3 e5 7. fxe5 dxe5 8. d5
Na6 9. Bd3 Ne8 10. O-O c5 11. Bg5 f6 12. Bh4 Qe7 13. Qd2 Nd6 14. a3 b6 15. Rab1
Nb8 16. b4 Nd7 17. Nb5 Nxb5 18. cxb5 Qd6 19. Qe2 Bh6 20. Nd2 Bxd2 21. Qxd2 a6
22. Rf3 a5 23. bxa5 Rxa5 24. Bc4 f5 25. Be7 Qb8 26. d6+ Kg7 27. Bxf8+ Nxf8 28.
Qd5 1-0

[Event "44th Rilton Cup 2014-15"]
[Site "Stockholm SWE"]
[Date "2014.12.29"]
[Round "3.14"]
[White "Berglind, Axel"]
[Black "Bellia, Fabrizio"]
[Result "0-1"]
[BlackTitle "IM"]
[WhiteElo "1972"]
[BlackElo "2420"]
[WhiteFideId "1720228"]
[BlackFideId "800511"]
[EventDate "2014.12.27"]

1. c4 e5 2. Nc3 Nf6 3. Nf3 Nc6 4. e3 Bb4 5. Qc2 O-O 6. Nd5 Re8 7. a3 Bf8 8. d3
d6 9. Be2 Nxd5 10. cxd5 Ne7 11. e4 c6 12. dxc6 bxc6 13. O-O a5 14. d4 exd4 15.
Nxd4 Bd7 16. Rd1 Qb6 17. Be3 Qb7 18. Rac1 Rab8 19. b3 d5 20. Bf3 c5 21. Qxc5
dxe4 22. Be2 Nd5 23. Qxa5 Ra8 24. Qd2 Bxa3 25. Ra1 Bb4 26. Qc2 Nxe3 27. fxe3
Rxa1 28. Rxa1 Kh8 29. Bc4 f5 30. Rf1 Rf8 31. g3 Qb6 32. Qe2 Bc3 33. Nc2 g5 34.
Qd1 Bc8 35. Qd5 Rd8 36. Qf7 Qg6 37. Qe7 Qd6 38. Qxd6 Rxd6 39. g4 Rd2 40. Ne1 f4
41. h3 Bb7 42. Ng2 f3 43. Rf2 Rxf2 44. Kxf2 fxg2 45. Kxg2 Kg7 46. Be6 Kf6 47.
Bf5 h5 48. Kf2 h4 49. Ke2 Ke5 50. Kd1 Ba6 51. Kc2 Bb4 0-1

[Event "44th Rilton Cup 2014-15"]
[Site "Stockholm SWE"]
[Date "2014.12.29"]
[Round "3.15"]
[White "Norlin, Egor"]
[Black "Tikkanen, Hans"]
[Result "0-1"]
[BlackTitle "GM"]
[WhiteElo "2186"]
[BlackElo "2551"]
[WhiteFideId "1713973"]
[BlackFideId "1706446"]
[EventDate "2014.12.27"]

1. d4 d5 2. c4 c6 3. Nc3 Nf6 4. e3 g6 5. Nf3 Bg7 6. cxd5 cxd5 7. Bb5+ Nc6 8. Ne5
Bd7 9. Nxd7 Qxd7 10. O-O O-O 11. Bd2 a6 12. Bxc6 Qxc6 13. Qb3 b5 14. Rfc1 Qd6
15. h3 Rfc8 16. Ne2 Rc4 17. Qd3 Rac8 18. b3 Qa3 19. Rxc4 bxc4 20. Qc2 Ne4 21.
Be1 e6 22. Rc1 Bf8 23. Kf1 Bb4 24. Bxb4 Qxb4 25. Kg1 Nd6 26. Qc3 Rb8 27. bxc4
Nxc4 28. Qxb4 Rxb4 29. Nc3 Rb2 30. g3 Kg7 31. a4 a5 32. Ra1 Rc2 33. Nb5 Kf8 34.
Na3 Rb2 35. Nb5 Ke7 36. Nc3 Rc2 37. Nb5 Nd2 38. Na3 Rb2 39. Rc1 Ne4 40. Rc7+ Kf8
41. Rc2 Rb4 42. Nb5 Rxa4 43. Na7 Ra1+ 44. Kg2 a4 45. Nb5 Rb1 46. Nc3 Nxc3 47.
Rxc3 Rb8 48. Kf1 Ra8 49. Ra3 Ke7 50. Ke2 Kd6 51. Kd2 Kc6 52. Kc2 Kb5 53. Kb2 Kb4
54. Ra1 a3+ 55. Ka2 Rc8 56. Rb1+ Ka4 0-1

[Event "44th Rilton Cup 2014-15"]
[Site "Stockholm SWE"]
[Date "2014.12.29"]
[Round "3.16"]
[White "Goganov, Aleksey"]
[Black "Couso, Luis"]
[Result "1/2-1/2"]
[WhiteTitle "GM"]
[BlackTitle "FM"]
[WhiteElo "2615"]
[BlackElo "2328"]
[WhiteFideId "24109959"]
[BlackFideId "1702920"]
[EventDate "2014.12.27"]

1. g3 d5 2. Nf3 c6 3. Bg2 Bg4 4. c4 Nf6 5. O-O e6 6. Qb3 Bxf3 7. Bxf3 Qc8 8. d4
Nbd7 9. Bf4 Be7 10. Nd2 a5 11. e4 dxe4 12. Nxe4 Nxe4 13. Bxe4 O-O 14. Rad1 g6
15. Bg2 a4 16. Qf3 Re8 17. Bh3 f5 18. Rfe1 Bf6 19. Bd6 c5 20. Bg2 Bxd4 21. Qxb7
Qxb7 22. Bxb7 Ra7 23. Bc6 Rc8 24. Bb5 Nf6 25. Be5 Bxe5 26. Rxe5 Kf7 27. Re3 Rca8
28. a3 Rb8 29. f3 Ke7 30. Red3 g5 31. Rd6 g4 32. fxg4 Nxg4 33. Rc6 Ne5 34. Rxc5
Kf6 35. Kg2 h5 36. Rd2 h4 37. Re2 h3+ 38. Kxh3 Nf3 39. Kg2 Nd4 40. Re3 Ra5 41.
Rce5 Rb6 42. Rc5 Nxb5 43. cxb5 1/2-1/2

[Event "44th Rilton Cup 2014-15"]
[Site "Stockholm SWE"]
[Date "2014.12.29"]
[Round "3.17"]
[White "Blomqvist, Erik"]
[Black "Cederstam Barsk, Carl"]
[Result "0-1"]
[WhiteTitle "GM"]
[BlackTitle "FM"]
[WhiteElo "2525"]
[BlackElo "2317"]
[WhiteFideId "1709437"]
[BlackFideId "1713329"]
[EventDate "2014.12.27"]

1. e4 c6 2. d4 d5 3. e5 c5 4. dxc5 Nc6 5. Nf3 e6 6. a3 Bxc5 7. b4 Bb6 8. Bd3 Bd7
9. Bb2 Nge7 10. O-O Ng6 11. g3 Qb8 12. Qe2 O-O 13. Nbd2 Bc7 14. Rfe1 b5 15. Nb3
a5 16. Nc5 Bc8 17. a4 Nxb4 18. Bxb5 Bb6 19. Nb3 Bb7 20. Ba3 Rc8 21. Bxb4 axb4
22. a5 Ba7 23. Ra4 Qc7 24. Rxb4 Qc3 25. Ra4 Qxc2 26. Nbd4 Qxe2 27. Rxe2 Rab8 28.
Bd3 Ne7 29. Rb2 Ba8 30. Rxb8 Rxb8 31. Ra2 Bxd4 32. Nxd4 Rb4 33. Nb5 Nc6 34. Rc2
g5 35. a6 Nxe5 36. Rc8+ Kg7 37. Rxa8 Nxd3 38. Nc3 d4 39. a7 dxc3 40. Rg8+ Kxg8
41. a8=Q+ Kg7 42. Qd8 Rb1+ 43. Kg2 Ne1+ 44. Kh3 Nf3 45. Qc7 h5 46. Qxc3+ e5 47.
g4 Rg1 48. Qxf3 hxg4+ 49. Qxg4 Rxg4 50. Kxg4 Kg6 51. f3 f5+ 52. Kg3 Kh5 53. Kf2
Kh4 54. Kg2 e4 55. fxe4 fxe4 56. Kf2 Kh3 57. Ke3 Kxh2 0-1

[Event "44th Rilton Cup 2014-15"]
[Site "Stockholm SWE"]
[Date "2014.12.29"]
[Round "3.19"]
[White "Smith, Axel"]
[Black "Olund, Joar"]
[Result "1-0"]
[WhiteTitle "IM"]
[BlackTitle "FM"]
[WhiteElo "2479"]
[BlackElo "2291"]
[WhiteFideId "1707930"]
[BlackFideId "1714848"]
[EventDate "2014.12.27"]

1. e4 c5 2. Nf3 e6 3. d4 cxd4 4. Nxd4 a6 5. Bd3 Bc5 6. Nb3 Be7 7. Qg4 g6 8. Qe2
d6 9. O-O Nd7 10. Nc3 h5 11. f4 Ngf6 12. e5 Ng4 13. exd6 Bxd6 14. Ne4 Bb8 15. h3
Ba7+ 16. Kh1 Ndf6 17. Bd2 Nd5 18. c4 Nde3 19. Bc3 O-O 20. c5 f5 21. hxg4 fxe4
22. Qxe3 Qxd3 23. Qxd3 exd3 24. gxh5 gxh5 25. Rad1 Bd7 26. Rxd3 Bc6 27. Rg3+ Kh7
28. Rg5 Rf5 29. Nd4 Rxg5 30. fxg5 Bd5 31. Rf6 Rg8 32. Nxe6 1-0

[Event "44th Rilton Cup 2014-15"]
[Site "Stockholm SWE"]
[Date "2014.12.29"]
[Round "3.20"]
[White "Pettersson, Anders1"]
[Black "Akesson, Ralf"]
[Result "0-1"]
[WhiteTitle "FM"]
[BlackTitle "GM"]
[WhiteElo "2280"]
[BlackElo "2457"]
[WhiteFideId "1709771"]
[BlackFideId "1700120"]
[EventDate "2014.12.27"]

1. d4 Nf6 2. c4 e6 3. Nf3 d5 4. Nc3 Be7 5. Bf4 O-O 6. Rc1 Nbd7 7. cxd5 exd5 8.
e3 c6 9. h3 Re8 10. Bd3 Nf8 11. O-O Ng6 12. Bh2 Bd6 13. Bxd6 Qxd6 14. a3 Re7 15.
Qc2 Bd7 16. b4 Rae8 17. a4 Ne4 18. Rb1 Qf6 19. Nd2 Nxd2 20. Qxd2 Nh4 21. Kh2
Bxh3 22. Kxh3 Qh6 23. Qe2 Rxe3+ 24. fxe3 Nf5+ 25. Kg4 Qh4+ 26. Kxf5 g6# 0-1

[Event "44th Rilton Cup 2014-15"]
[Site "Stockholm SWE"]
[Date "2014.12.29"]
[Round "3.21"]
[White "Hagen, Andreas Skytte"]
[Black "Wikner, Arvid"]
[Result "1-0"]
[WhiteTitle "IM"]
[WhiteElo "2430"]
[BlackElo "2281"]
[WhiteFideId "1407341"]
[BlackFideId "1702262"]
[EventDate "2014.12.27"]

1. c4 e5 2. g3 d5 3. cxd5 Qxd5 4. Nf3 Nc6 5. Nc3 Qd8 6. Bg2 Nf6 7. O-O Be7 8. a3
a5 9. d3 O-O 10. Be3 Be6 11. Ng5 Bd5 12. Nxd5 Nxd5 13. Bd2 Bxg5 14. Bxg5 Qxg5
15. Bxd5 Nd4 16. e3 c6 17. Bxf7+ Rxf7 18. exd4 exd4 19. Qb3 Rd8 20. Rae1 Qd5 21.
Qb6 Rfd7 22. Re4 Ra8 23. Rc1 Ra6 24. Qc5 Qxc5 25. Rxc5 Rb6 26. Re2 Rb3 27. Rd2
Rb5 28. Rxb5 cxb5 29. Rc2 b6 30. Rc6 Rb7 31. Kg2 Kf8 32. Kf3 Rf7+ 33. Ke2 Re7+
34. Kd2 Rd7 35. Rxb6 Rd5 36. Rb7 Rf5 37. Ke2 Re5+ 38. Kf3 Rf5+ 39. Kg2 Rc5 40.
h4 h5 41. Kf3 Rf5+ 42. Ke2 Rc5 43. Kd2 Rd5 44. f4 1-0

[Event "44th Rilton Cup 2014-15"]
[Site "Stockholm SWE"]
[Date "2014.12.29"]
[Round "3.22"]
[White "Vandenbussche, Thibaut"]
[Black "Kvisvik, Brede"]
[Result "1-0"]
[WhiteTitle "FM"]
[BlackTitle "FM"]
[WhiteElo "2418"]
[BlackElo "2275"]
[WhiteFideId "204412"]
[BlackFideId "1502999"]
[EventDate "2014.12.27"]

1. e4 e6 2. d4 d5 3. Nc3 Bb4 4. Ne2 dxe4 5. a3 Be7 6. Nxe4 Nf6 7. Nxf6+ Bxf6 8.
Qd3 O-O 9. Be3 e5 10. O-O-O Nc6 11. d5 Ne7 12. Ng3 g6 13. Bh6 Bg7 14. Bxg7 Kxg7
15. Qe3 Qd6 16. Ne4 Nf5 17. Qc3 Qe7 18. f4 Nd6 19. Re1 Re8 20. fxe5 Qxe5 21.
Nxd6 1-0

[Event "44th Rilton Cup 2014-15"]
[Site "Stockholm SWE"]
[Date "2014.12.29"]
[Round "3.23"]
[White "Martynov, Pavel2"]
[Black "Thingstad, Even"]
[Result "1-0"]
[WhiteTitle "FM"]
[WhiteElo "2400"]
[BlackElo "2243"]
[WhiteFideId "4122186"]
[BlackFideId "1506439"]
[EventDate "2014.12.27"]

1. d4 d5 2. c4 c6 3. Nf3 Nf6 4. Nc3 e6 5. Bg5 h6 6. Bxf6 Qxf6 7. e3 g6 8. Bd3
Bg7 9. O-O O-O 10. e4 dxe4 11. Nxe4 Qd8 12. c5 Bxd4 13. Nxd4 Qxd4 14. Qc2 Nd7
15. Rad1 Qg7 16. Nd6 Rd8 17. Rfe1 Nf6 18. Bc4 Nd5 19. Bxd5 cxd5 20. b4 b6 21.
Qa4 Bd7 22. c6 Be8 23. Nb7 Rdc8 24. b5 a6 25. Rc1 Qb2 26. Qf4 g5 27. Qg3 axb5
28. c7 Ra3 29. f3 Rc3 30. Rxc3 Qxc3 31. Nd6 Qxc7 32. Nxc8 Qxc8 33. h4 Qc5+ 34.
Kh2 Qe7 35. Rc1 Kg7 36. Rc8 b4 37. Qb8 Kf8 38. hxg5 hxg5 39. Qxb6 g4 40. Qd8
gxf3 41. gxf3 Qxd8 42. Rxd8 Ke7 43. Rb8 e5 44. Kg3 f5 45. f4 exf4+ 46. Kxf4 Bf7
47. Rxb4 Kd6 48. a4 Kc5 49. Rb7 Be8 50. a5 Bb5 51. Kxf5 d4 52. Kf4 Kc6 53. Rb6+
Kc5 54. Rh6 d3 55. Ke3 Kb4 56. a6 Kc3 57. a7 d2 58. Rd6 1-0

[Event "44th Rilton Cup 2014-15"]
[Site "Stockholm SWE"]
[Date "2014.12.29"]
[Round "3.24"]
[White "Lissang, Christopher"]
[Black "Johansson, Linus"]
[Result "1/2-1/2"]
[BlackTitle "FM"]
[WhiteElo "2273"]
[BlackElo "2391"]
[WhiteFideId "1709615"]
[BlackFideId "1711113"]
[EventDate "2014.12.27"]

1. d4 Nf6 2. c4 e6 3. Nc3 Bb4 4. Qc2 O-O 5. Nf3 c5 6. dxc5 Bxc5 7. a3 d5 8. cxd5
exd5 9. Bg5 Be6 10. Rd1 Qb6 11. e3 Be7 12. Be2 Nc6 13. O-O Rad8 14. Nd4 a6 15.
Nxc6 Qxc6 16. Bf3 h6 17. Bh4 Rd7 18. Rd2 Rfd8 19. Bg3 Nh7 20. Be5 Ng5 21. Be2
Ne4 22. Nxe4 Qxc2 23. Rxc2 dxe4 24. Bd4 Bf6 25. Bxf6 gxf6 26. b4 Rd2 27. Rfc1
Bb3 28. Rxd2 Rxd2 29. Bg4 Ra2 30. Bc8 Bd5 31. g4 Rxa3 32. Rc7 b6 33. Bb7 Be6 34.
Bc8 Bxc8 35. Rxc8+ Kg7 36. Rc6 b5 37. Kg2 Ra4 38. Kg3 Rxb4 39. Rxa6 Rb1 40. Rb6
Rb4 41. Kf4 Rb2 42. Kxe4 Rxf2 43. Rxb5 Rxh2 44. Kf4 Rh1 45. Rc5 Kg6 46. e4 Ra1
47. Rb5 Ra8 48. Rc5 Re8 49. Rc7 Re5 50. Rc8 Ra5 51. Rg8+ Kh7 52. Rc8 Ra1 53. Rc5
Rf1+ 54. Kg3 Kg6 55. Rb5 Rd1 56. Kf4 Rd8 57. Rb7 Rh8 58. Rb6 Kg7 59. Rb5 Kg6 60.
Rb6 Re8 61. Rb7 Re5 62. Rb8 Kg7 63. Rb6 h5 64. gxh5 Rxh5 65. Rb8 Rh8 66. Rb1
Rh4+ 67. Kf5 Rh5+ 68. Kf4 Kg6 69. Rg1+ Rg5 70. Rb1 Rg2 71. Rb5 Rh2 72. Kg4 Rg2+
73. Kf4 Rf2+ 74. Kg4 Rg2+ 1/2-1/2